banner koha

Sintese do DNA viral em celulas do corpo gorduroso de lagartas de Bombyx mori L., 1758 (Lep. Bombycidae)afetadas com o virus da poliedrose nuclear (NPV)[bicho da seda] (Registro n. 110403)

MARC details
000 -LÍDER
campo de controle de tamanho fixo 00928nas a2200253 4500
001 - NÚMERO DE CONTROLE
campo de controle BR8205546
003 - IDENTIFICADOR DO NÚMERO DE CONTROLE
campo de controle BR-BrBNA
005 - DATA E HORÁRIO DA ÚLTIMA TRANSAÇÃO
campo de controle 20231205085255.0
007 - CAMPO FIXO DE DESCRIÇÃO FÍSICA--INFORMAÇÃO GERAL
campo de controle de tamanho fixo ta
008 - CAMPO DE DADOS FIXOS--INFORMAÇÃO GERAL
campo de controle de tamanho fixo 230509b bl.|||p| |||| 00| 00por d
040 ## - FONTE DA CATALOGAÇÃO
Instituição da catalogação original BR-BrBNA
Idioma da catalogação por
Instituição que transcreveu o registro Biblioteca Nacional de Agricultura
041 ## - CÓDIGO DE IDIOMA
Código do idioma do texto/trilha sonora ou título diferente (Pt)
072 ## - CÓDIGO DE CATEGORIA DE ASSUNTO
Código de Categoria de Assunto L73
100 1# - ENTRADA PRINCIPAL--NOME PESSOAL
Nome pessoal Ongarelli, M.G.
100 1# - ENTRADA PRINCIPAL--NOME PESSOAL
Nome pessoal Silva, D.M. (Centro de Energia Nuclear na Agricultura, Piracicaba, SP (Brazil))
245 1# - TÍTULO
Título Sintese do DNA viral em celulas do corpo gorduroso de lagartas de Bombyx mori L., 1758 (Lep. Bombycidae)afetadas com o virus da poliedrose nuclear (NPV)[bicho da seda]
Restante do título Parte de dissertacao
650 ## - ASSUNTO--TERMO TÓPICO
Cabeçalho tópico ou nome geográfico BICHO DA SEDA
650 ## - ASSUNTO--TERMO TÓPICO
Cabeçalho tópico ou nome geográfico CELULA ANIMAL
650 ## - ASSUNTO--TERMO TÓPICO
Cabeçalho tópico ou nome geográfico VIRUS
650 ## - ASSUNTO--TERMO TÓPICO
Cabeçalho tópico ou nome geográfico NUCLEO
773 0# - ENTRADA ANALÍTICA
Título Energia Nuclear e Agricultura (Brazil)
ISSN - International Standard Serial Number ISSN 0100-3593
Partes relacionadas (Dec 1982), v. 4(1) p. 21-31
Número de controle do registro BR8205546
909 ## -
-- 202311
-- Lúcia
-- 55
-- Lúcia Elande
942 ## - ELEMENTOS DE ENTRADA ADICIONADOS (KOHA)
Fonte da classificação ou esquema de arquivamento na estante Classificação AGRIS
Ocultar no OPAC Não
Tipo de material Koha Analítica
Exemplares
Situação do descarte Fonte da classificação ou esquema de arquivamento na estante Situação física Não pode ser emprestado Biblioteca de origem Biblioteca atual Localização na estante Enumeração do periódico / cronologia Total de empréstimos Data de último acesso Número do exemplar Tipo de material Koha Fonte de aquisição
  Classificação AGRIS   Consulta local Biblioteca Nacional de Agricultura - Binagri Biblioteca Nacional de Agricultura - Binagri   (Dec 1982), v. 4(1) p. 21-31   29/11/2023 01 Periódicos Portaria Interministerial nº 164/94

BINAGRI

Telefone: (61)3218-2567/2388/3357/2097 - binagri@agro.gov.br

Ministério da Agricultura e Pecuária , Esplanada dos Ministérios, Bloco D, Anexo B, Brasília/DF, CEP: 70.043-900